|
|
|
|
| LEADER |
00000nab a2200000 a 4500 |
| 001 |
vtls000061068 |
| 003 |
SK-MaSNL |
| 005 |
20260303025341.0 |
| 008 |
111103c1980 xo 0 slo |
| 015 |
|
|
|a SNBRB19rr/mm-uuuuu
|
| 035 |
|
|
|a CL0071168
|
| 040 |
|
|
|a SNKBUCL
|b slo
|c SNKBUCL
|e AACR2
|
| 041 |
0 |
|
|a slo
|
| 044 |
|
|
|a xo
|c SK
|
| 080 |
|
|
|a 331.87
|2 1981
|
| 100 |
1 |
|
|a Mošner, Otakar
|4 aut
|9 279320
|
| 245 |
1 |
0 |
|a Kľúčový význam výchovy
|b Publikácia B. Kačírka o socialistickom kolektíve
|c O. Mošner ; B. Kačírek
|
| 650 |
0 |
7 |
|a kolektívy pracovné
|2 snkbucl
|9 902884
|
| 650 |
0 |
7 |
|a výchova ideovopolitická
|2 snkbucl
|9 1006659
|
| 655 |
|
7 |
|a články z novín a časopisov
|2 snkbucl
|9 267496
|
| 700 |
1 |
|
|a Kačírek, Bedřich,
|d 1923-
|4 aut
|9 5275
|
| 773 |
0 |
|
|t Práca
|g Roč. 35, č. 166 (16. 7. 1980), s. 7
|
| 787 |
0 |
8 |
|i Rec.:
|a Kačírek, B.
|t Význam, podstata a formovanie socialistických pracovných kolektívov
|d Bratislava : Práca, 1980
|
| 850 |
|
|
|a Slovenská národná knižnica v Martine
|a MTA001
|
| 852 |
|
|
|a SNK
|b KIS3GCP
|
| 958 |
|
|
|a RK
|
| 992 |
|
|
|a RBX
|
| 999 |
|
|
|c 1645846
|d 1647776
|